000 00769nam a2200265Ia 4500
003 OSt
005 20220926034736.0
006 a|||||r|||| 00| 0
007 ta
008 220923b |||||||| |||| 00| 0 eng d
020 _a9780470655627
_c2009.71
037 _bIN2495, 08/03/2016, R K Books
_cGeneral Book
040 _aRTL
_cRTL
_beng
041 _2eng
_aeng
082 _aU47, P4;Q5
100 _aCRESSWELL Tim
_9231315
245 0 _aPlace
_b An introduction
250 _a2nd
260 _aWest Sussex
_bWiley Blackwell
_c2015
300 _axii, 220p
_ccm.
500 _aReferences Chapterwise
650 _aGeography
942 _hU47, P4;Q5
_cGB
_2CC
999 _c660289
_d660289